| 000 | 00510cam a22002171 4500 | ||
|---|---|---|---|
| 001 | ne 63000822 | ||
| 003 | DLC | ||
| 005 | 20260227111744.0 | ||
| 008 | 890301q19601969xx 000 0 ara | ||
| 010 | _ane 63000822 | ||
| 035 | _a(OCoLC)23500274 | ||
| 040 |
_aDLC _cMiU _dDLC |
||
| 042 | _apremarc | ||
| 050 | 0 | 0 |
_aKJC65 _b.H34 |
| 100 | 1 | _aḤāfiẓ, Ḥamdī. | |
| 245 | 1 | 0 | _aQaḍāyā ḥāʼirah. |
| 260 | _c196-. | ||
| 300 |
_a249 p. _billus. _c24 cm. |
||
| 490 | 0 | _a# | |
| 650 | 0 |
_aTrials _zEurope. |
|
| 999 |
_c45796 _d45796 |
||